ბათუმის შოთა რუსთაველის სახელმწიფო უნივერსიტეტის ბიბლიოთეკა

საქართველოს მეცნიერებათა ეროვნული აკადემია. მოამბე. იანვარი-თებერვალი-მარტი-აპრილი. ტ. 4, №1 (ბიბ.ჩანაწერი № 54829)

000 -LEADER
fixed length control field 01071nam a2200205Ia 4500
001 - CONTROL NUMBER
control field 21898
003 - CONTROL NUMBER IDENTIFIER
control field GE_BSU
008 - FIXED-LENGTH DATA ELEMENTS--GENERAL INFORMATION
fixed length control field 181216s||||||||xx |||||||||||||| ||und||
040 ## - CATALOGING SOURCE
Transcribing agency GE_BSU
080 ## - UNIVERSAL DECIMAL CLASSIFICATION NUMBER
Universal Decimal Classification number პერიოდიკა
245 ## - TITLE STATEMENT
Title საქართველოს მეცნიერებათა ეროვნული აკადემია. მოამბე. იანვარი-თებერვალი-მარტი-აპრილი. ტ. 4, №1
245 ## - TITLE STATEMENT
Statement of responsibility, etc. მთავ რედ. თ. გამყრელიძე
250 ## - EDITION STATEMENT
Edition statement საქართველოს მეცნიერებათა ეროვნული აკადემია.
260 ## - PUBLICATION, DISTRIBUTION, ETC.
Place of publication, distribution, etc. თბილისი
260 ## - PUBLICATION, DISTRIBUTION, ETC.
Date of publication, distribution, etc. 2010
300 ## - PHYSICAL DESCRIPTION
Extent 187გვ. 30სმ.
653 ## - INDEX TERM--UNCONTROLLED
Uncontrolled term მოამბე. იანვარი-თებერვალი-მარტი-აპრილი. ტ. 4, №1
653 ## - INDEX TERM--UNCONTROLLED
Uncontrolled term საქართველოს მეცნიერებათა ეროვნული აკადემია.
942 ## - ADDED ENTRY ELEMENTS (KOHA)
Koha item type პერიოდიკა
ეგზემპლარები
Withdrawn status Lost status Damaged status Not for loan Date acquired Barcode Date last seen Price effective from Koha item type Public note
        2018-12-17 p 79087 2018-12-17 2018-12-17 პერიოდიკა პერიოდიკა
        2018-12-17 p 79086 2018-12-17 2018-12-17 პერიოდიკა პერიოდიკა